Star Wars: All Lightsaber Colors - Statistics

General Stats
  • This quiz has been taken 353 times
    295 since last reset
  • The average score is 13 of 16
Answer Stats
Answer % Correct
Blue
100%
Light Blue
100%
Orange-red
100%
Red
100%
Red-yellow
100%
Yellow-green
100%
Green
99%
Purple
97%
Yellow
95%
Black
93%
Orange
92%
White
92%
Pink
66%
Cyan
42%
Indigo
32%
Magenta
30%
No matching quizzes found
Score Distribution
Percent of People with Each Score
Percentile by Number Answered
Your Score History
You have not taken this quiz since the last reset